1103 1482 1969 1322 1014 1716 1319 1783 1345 1684 1168 1643 1691 1187 1547 1850 1070 1096 1671 1161 1932 1838 1381 1980 1451 1772 1932 1138 1057 1243 1963 1254 1425 1072 1768 1781 1110 1950 1238 1218 1594 1308 1404 1147 1774 1065 1484 1770 1671 1006 1075 1138 1405 1678 1018 1333 1887 1136 1089 1753 1675 1599 1138 1069 1209 1248 1863 1471 1474 1912 1044 1104 1888 1222 1525 1839 1794 1360 1805 1742 1505 1299 1376 1636 1919 1342 1793 1895 1688 1657 1091 1412 1933 1819 1202 1753 1550 1074 1821 BCNSPRNW ULIB Ver.6.0+V

เปลี่ยนเป็นภาษาไทย

Change to English
 แสดงรายละเอียดบรรณานุกรม
  กลับหน้าหลัก

Brief Record : Get Marc (ISO 2709) : E-mail record : QR code < ปิดหน้าต่าง
LEADER : 00000nam 2200000uu 4500
001    13399126576
003     ULIB
008    181122s2558||||th 000 0 tha d
020    ^a9786162832482
050  4 ^aDS578.32.B4^bก441จ
245 00 ^aจดหมายเหตุเฉลิมพระเกียรติ สมเด็จพระบรมโอรสาธิราช เจ้าฟ้ามหาวชิราลงกรณ สยามมกุฎราชกุมาร เนื่องในโอกาสพระราชพิธีมหามงคลเฉลอมพระชนมพรรษา 5 รอบ 28 กรกฏาคม 2555 ^cกรมศิลปากร กระทรงวัฒนธรรม
260    ^aกรุงเทพฯ :^bกรมศิลปากร กระทรงวัฒนธรรม,^c2558
300    ^a452 หน้า :^bภาพประกอบ (ภาพสีบางภาพ) ;^c27 ซม.
710 2  ^aกรมศิลปากร กระทรงวัฒนธรรม
945    ^p0^l0^i26866
999    ^aกัณชพร จุลอักษร
รายการนี้ยังไม่มีแท็ก
คุณยังไม่ได้ล็อกอิน คุณสามารถมีกิจกรรมร่วมกับเว็บไซต์ได้ แต่ต้องล็อกอินก่อน ::
  ล็อกอิน

รายการสื่อสารสนเทศ

ลำดับที่ ประเภท เลขเรียก/บาร์โค้ด สถานที่ สถานะ
1. การศึกษาทั่วไป
การศึกษาทั่วไป
DS578.32.B4 ก441จ ฉ.1 
  Barcode: 26866
ห้องสมุดวิทยาเขตนครสวรรค์
►หนังสือทั่วไป:l:General Books
บนชั้น

BibComment


ยังไม่เคยถูกคอมเมนท์

คอมเมนท์ทรัพยากรรายการนี้
  คอมเมนท์: จดหมายเหตุเฉลิมพ..


 Copyright 2026. Bcnsprnw @Library